000 00789nam a2200241Ia 4500
001 19378
003 GE_BSU
008 181216s||||||||xx |||||||||||||| ||und||
040 _cGE_BSU
080 _a622.24(032)
100 _aВадецкий,Ю,В
245 _aБурение нефтяных и газовых скважин
245 _bучебник для техникумов
245 _cРед:С. М.Кашекова
260 _aМосква
260 _bНедра
260 _c1978
300 _a471стр,таб,ил,21см
653 _aБурение нефтяных и газовых скважин
653 _aინჟინერია
653 _aნავთობისა და გაზის ჭაბურღილები
942 _cBK
999 _c52358
_d52358